Normal view
MARC view
- South African War, 1899-1902
Entry Topical Term
001 - CONTROL NUMBER
- control field: 37963
003 - CONTROL NUMBER IDENTIFIER
- control field: NUST
005 - DATE AND TIME OF LATEST TRANSACTION
- control field: 20210314130501.0
008 - FIXED-LENGTH DATA ELEMENTS
- fixed length control field: 210314|| aca||aabn | a|a d
040 ## - CATALOGING SOURCE
- Original cataloging agency: NUST
- Transcribing agency: NUST
150 ## - HEADING--TOPICAL TERM
- Topical term or geographic name entry element: South African War, 1899-1902
670 ## - SOURCE DATA FOUND
- Source citation: Work cat.: (NUST): Swinton, E. D. 37962, The defence of Duffer's Drift;, [1949]
